000 00472nam a2200181Ia 4500
001 22221
003 GE_BSU
008 181216s||||||||xx |||||||||||||| ||und||
040 _cGE_BSU
245 _aParis Match, du 15 au 21 fevrier. №3588. 2018
260 _aParis
260 _c2018
300 _a114p. 30cm. ill.
653 _aParis Match, du 15 au 21 fevrier. №3588. 2018
653 _aПериодика
653 _aპერიოდიკა
942 _cCR
999 _c55146
_d55146